Fortalecimiento y capacitación para el desarrollo empresarial sostenible a partir de productos del bosque : (Registro nro. 4634)

Detalles MARC
000 -CABECERA
Campo de control 00933nam a2200265 a 4500
005 - FECHA Y HORA DE LA ULTIMA TRANSACCION
Campo de control 20150217020002.0
008 - ELEMENTOS DE LONGITUD FIJA—INFORMACION GENERAL
Campo de control 140123b2004 ck ||||| |||| 00| 0 spa d
041 ## - IDIOMA
Código de idioma para texto/pista de sonido o título separado Español
044 ## - PAÍS DE PUBLICACIÓN
País de publicación Colombia
090 ## - CLASIFICACIÓN LOCAL
Colección IAVH
Consecutivo 00363
100 1# - ASIENTO PRINCIPAL--NOMBRE PERSONAL
Nombre personal Cáceres-Barajas, Alberto
245 10 - MENCION DE TITULO
Título Fortalecimiento y capacitación para el desarrollo empresarial sostenible a partir de productos del bosque :
Parte restante del título informe final sobre los talleres realizados
260 ## - PUBLICACION, DISTRIBUCION, ETC. (PIE DE IMPRENTA)
Lugar de publicación, distribución, etc. Santiago de Cali
Nombre del editor, distribuidor, etc. FUINDACOFAN
Fecha de publicación, distribución, etc. 2004
300 ## - DESCRIPCION FISICA
Extensión 323 p.
Dimensiones 34 cm.
650 #4 - ASIENTO SECUNDARIO DE MATERIA - TERMINO TEMATICO
Término temático o nombre geográfico como elemento de entrada Biocomercio
650 #4 - ASIENTO SECUNDARIO DE MATERIA - TERMINO TEMATICO
Término temático o nombre geográfico como elemento de entrada Agroindustria
650 #4 - ASIENTO SECUNDARIO DE MATERIA - TERMINO TEMATICO
Término temático o nombre geográfico como elemento de entrada Escencias
Subdivisión general producción
650 #4 - ASIENTO SECUNDARIO DE MATERIA - TERMINO TEMATICO
Término temático o nombre geográfico como elemento de entrada Plantas medicinales
Subdivisión general uso
700 1# - ASIENTO SECUNDARIO - NOMBRE PERSONAL
Nombre personal González-Mina, Roberto Tulio
700 1# - ASIENTO SECUNDARIO - NOMBRE PERSONAL
Nombre personal Lara-Acevedo, Guillermo
700 1# - ASIENTO SECUNDARIO - NOMBRE PERSONAL
Nombre personal Guzmán-Rivera, Sandra Patricia
700 1# - ASIENTO SECUNDARIO - NOMBRE PERSONAL
Nombre personal Rodríguez-Torres , Hector Julio
942 ## - ELEMENTOS ADICIONALES (KOHA)
Tipo de ítem Informe Técnico
Sistema de clasificación Local
Koha issues (borrowed), all copies 4
945 ## - PROCESAMIENTO LOCAL
AAAA-MM-DD - Fecha de ingreso o modificacion 2005-07-06
Existencias
Withdrawn status Lost status Sistema de Clasificación Damaged status No para préstamo Colección Inventariado Ubicación Permanente Ubicación actual Fecha de adquisición Fuente de Valor Total Checkouts Número topográfico Inventario / Código de Barras Date last seen Date checked out Ejemplar Price effective from Forma de adquisición Tipo de material
    Local     Humboldt Inventariado 2017 Bogotá Bogotá 06/07/2005 Lozada,Paola 2 IAVH-00363 019368 09/08/2024 16/02/2015 Ej. 1 04/12/2012 Institucional Informe Técnico
    Local     Humboldt Inventariado 2017 Bogotá Bogotá 06/07/2005 Lozada,Paola 2 IAVH-00363 019369 09/08/2024 16/02/2015 Anexos 04/12/2012 Institucional Informe Técnico